000 00334nam a2200121Ia 4500
001 IA_
002 ANALISIS MICROBIOLOGICO DE CARNE ROJA, AVES Y HUEV
008 220117s xx 000 0 und d
010 _a184694
700 _aBorde Lekona, Blas, tr.
_9157613
700 _aMead, Geoff C., ed.
_9157614
942 _c664.907 A53 2009
999 _c184694
_d184694